5. meždunarodnoje soveščanije direktorov central'nych ekonomičeskich bibliotek jevropejskich stran-členov SEV Budapešt, 6.-11. ijulja 1987 g.

Salvato in:
Dettagli Bibliografici
Natura: Libro
Lingua:russo
Pubblicazione: Budapest Marx Károly Közgazdaságtudományi Egyetem Központi Könyvtára 1989
Edizione:1. izd.
Tags: Aggiungi Tag
Nessun Tag, puoi essere il primo ad aggiungerne!!

MARC

LEADER 00000nam a2200000 4500
001 c026639
005 20221215133350.5
041 0 |a rus 
044 |a HU 
245 1 0 |a 5. meždunarodnoje soveščanije direktorov central'nych ekonomičeskich bibliotek jevropejskich stran-členov SEV  |b Budapešt, 6.-11. ijulja 1987 g. 
250 |a 1. izd. 
264 1 |a Budapest  |b Marx Károly Közgazdaságtudományi Egyetem Központi Könyvtára  |c 1989 
300 |a 98 s.